000 04088nam0a2200457 4500
001 RU\NLR\BIBL_A\016267160
005 20240725171707.0
010 _a978-5-98712-289-1
_9350
021 _aRU
_bКН-П-22-088490
_9КН-П-22-7855
035 _a(NLR Aleph) 016267160
035 _a(RuMoRGB)011470681
090 _a12873896
_c12873896
100 _a20230124d2022 u y0rusy50 ca
101 0 _arus
102 _aRU
105 _ay z 001zy
181 0 _ai
_baxxe
182 0 _an
200 1 _aСумерки Европы
_fГригорий Ландау
_gРоссийская академия наук, Институт научной информации по общественным наукам
203 _aТекст
_bвизуальный
_cнепосредственный
210 _aМосква
_aСанкт-Петербург
_cЦентр гуманитарных инициатив
_d2022
215 _a353, [1] с.
_d22
225 1 _aПисьмена времени
320 _aБиблиогр.: с. 348 (11 назв.)
320 _aУказ. имен: с. 351-352
330 _aГригорий Адольфович Ландау (1877-1941) - философ, культурфилософ, публицист, мыслитель русского зарубежья, о блестящем даровании которого писали Вяч. Иванов и Ф. А. Степун, в своей книге осмысляет трагедию Первой мировой войны, ее эсхатологические последствия для европейской цивилизации. В интерпретации Ландау процесс трансформации европейской культуры из мировой и всечеловеческой в провинциальную, начавшийся еще до 1914 года, во время войны усилился, произошел срыв культурной непрерывности. Центральное место в книге Ландау, вышедшей в свет в 1923 г. в Берлине, занимает анализ важнейших для Запада последствий мировой катастрофы, определенных им как "материальные разрушения", "уничтожение живой силы" и "моральное затмение" - установление атмосферы ненависти и подозрения между народами Западной Европы, губительной как в экономическом, так и в духовном плане. Ландау прогнозирует грядущие геополитические и культурные изменения, говорит об опасности абсолютизации любого философского принципа, полагает, что именно "идейный максимализм" "сгущает сумерки над европейской культурой"
606 1 _aПервая мировая война
_xв философии
_z1914 - 1918
_92151929
_3RU\NLR\AUTH\661600590
606 1 _aПервая мировая война
_xПоследствия
_z1914 - 1918
_91875156
_3RU\NLR\AUTH\66851577
606 1 _aОбщественное развитие
_xСоциально-философские вопросы
_yЕвропейские страны
_92549321
_3RU\NLR\AUTH\6601721850
606 1 _aСоциальная напряженность
_xСоциально-философские вопросы
_92221544
_3RU\NLR\AUTH\661333935
686 1 _aЮ252
_bЦ01
686 1 _aС550.518
686 1 _aЮ252
_bТ08
686 1 _aС550.73
686 1 _aТ3(0)532.9-611
686 1 _aЦ35(0)532.2
700 1 _7ca
_8rus
_aЛандау
_bГ. А.
_f1877-1940
_gГригорий Адольфович
_9112147
_3RU\NLR\AUTH\772130
942 _cBOOK
980 _aNB